Forever and Always (Taylor's Version) Lyrics - Statistics

General Stats
  • This quiz has been taken 26 times
  • The average score is 346 of 411
Answer Stats
Answer % Correct
I
100%
You
100%
you
100%
a
94%
always"
94%
And
94%
and
94%
for
94%
"Forever
94%
me
94%
said
94%
the
94%
was
94%
Was
94%
when
94%
your
94%
you're
94%
Cause
88%
'Cause
88%
he
88%
in
88%
is
88%
it
88%
It
88%
just
88%
loved
88%
not
88%
Now
88%
now
88%
seems
88%
so
88%
So
88%
somethin'
88%
then
88%
there
88%
This
88%
this
88%
to
88%
told
88%
we
88%
Were
88%
Where
88%
at
81%
don't
81%
down
81%
eye
81%
eyes
81%
feel
81%
gone
81%
kiddin
81%
knew
81%
looked
81%
never
81%
night
81%
nothin'
81%
of
81%
oh
81%
Oh
81%
Once
81%
onto
81%
out
81%
second
81%
time
81%
Tuesday
81%
up
81%
upon
81%
yeah
81%
all
75%
almost
75%
anymore
75%
Baby
75%
baby
75%
bedroom
75%
believe
75%
but
75%
called
75%
can't
75%
caught
75%
Did
75%
door
75%
here
75%
into
75%
minute
75%
phone
75%
rains
75%
speak
75%
stare
75%
sure
75%
that
75%
thing
75%
way
75%
what
75%
wrong
75%
boy?
69%
breaking
69%
didn't
69%
everythin'
69%
flashback
69%
happened
69%
hasn't
69%
hide
69%
I'm
69%
Like
69%
little
69%
made
69%
mean
69%
one
69%
Please
69%
run
69%
say
69%
scared
69%
still
69%
tell
69%
think
69%
Thought
69%
too
69%
welcome
69%
back
63%
Back
63%
coming
63%
everything
63%
everything?
63%
going?
63%
halfway
63%
here's
63%
Here's
63%
line?
63%
low
63%
perfect
63%
silence
63%
core
56%
cuts
56%
forget
56%
hold
56%
honest
56%
woah
25%
No matching quizzes found
Score Distribution
Percent of People with Each Score
Percentile by Number Answered
Your Score History
You have not taken this quiz